Arte medieval (Record no. 3332)

MARC details
000 -CABECERA
campo de control de longitud fija 00821nam a2200241 a 4500
001 - NÚMERO DE CONTROL
campo de control BRCA_3597
005 - FECHA Y HORA DE LA ÚLTIMA TRANSACCIÓN
campo de control 20190320204340.0
008 - DATOS DE LONGITUD FIJA--INFORMACIÓN GENERAL
campo de control de longitud fija 110809s1928----sp-a---###---#000-0#spa-#
041 ## - CÓDIGO DE LENGUA
Código de lengua del texto/banda sonora o título independiente spa
044 ## - CÓDIGO DEL PAÍS DE LA ENTIDAD EDITORA/PRODUCTORA
Código MARC del país sp
050 #4 - SIGNATURA TOPOGRÁFICA DE LA BIBLIOTECA DEL CONGRESO
Número de clasificación NK7198.S2
Número de documento/Ítem .B48 1928
100 1# - ENTRADA PRINCIPAL--NOMBRE DE PERSONA
Nombre de persona Betí Bonfill, Manuel
9 (RLIN) 9338
245 10 - MENCIÓN DE TÍTULO
Título Arte medieval
Resto del título Los Santalinea, orfebres de Morella
Mención de responsabilidad, etc. estudio de Manuel Betí Bonfill.
260 ## - PUBLICACIÓN, DISTRIBUCIÓN, ETC.
Lugar de publicación, distribución, etc. Castellon, España
Nombre del editor, distribuidor, etc. Sociedad Castellonense de Cultura
Fecha de publicación, distribución, etc. 1928
300 ## - DESCRIPCIÓN FÍSICA
Extensión 116 p.
Otras características físicas il., 18 láminas
Dimensiones 21 cm.
500 ## - NOTA GENERAL
Nota general Incluye índice de nombres propios, índice de lugares, índice de láminas e índice general
500 ## - NOTA GENERAL
Nota general B267
600 14 - PUNTO DE ACCESO ADICIONAL DE MATERIA--NOMBRE DE PERSONA
Nombre de persona Santalinea, familia
9 (RLIN) 9339
650 14 - PUNTO DE ACCESO ADICIONAL DE MATERIA--TÉRMINO DE MATERIA
Término de materia o nombre geográfico como elemento de entrada Platería
Subdivisión geográfica Morella, España
9 (RLIN) 9340
650 14 - PUNTO DE ACCESO ADICIONAL DE MATERIA--TÉRMINO DE MATERIA
Término de materia o nombre geográfico como elemento de entrada Orfebrería
Subdivisión geográfica Morella, España
9 (RLIN) 9341
902 ## - CATALOGADOR
Iniciales GFM
942 ## - ELEMENTOS DE PUNTO DE ACCESO ADICIONAL (KOHA)
Fuente del sistema de clasificación o colocación Library of Congress Classification
Tipo de ítem Koha Libros
Holdings
Estado de retiro Estado de pérdida Estado dañado No para préstamo Localización permanente Ubicación/localización actual Fecha de adquisición Número de inventario Total de préstamos Signatura topográfica completa Código de barras Fecha visto por última vez Precio válido a partir de Tipo de ítem Koha
El ejemplar forma parte de la colección y puede ser consultado según las políticas vigentes.       Biblioteca del Museo Franz Mayer (Rogerio Casas-Alatriste) Biblioteca del Museo Franz Mayer (Rogerio Casas-Alatriste) 11/08/2009 B267   NK7198.S2 .B48 1928 (B267) 3594 22/03/2019 22/03/2019 Libros